000 00696nam a22002537a 4500
001 BR9405416
003 BR-BrBNA
005 20230928094315.0
007 ta
008 230509b bl.||||| |||| 00| 0 por d
040 _aBR-BrBNA
_bpor
_cBiblioteca Nacional de Agricultura
041 _a(Por)
072 _aF30
_b0210
090 _ 0210 BR9405416
110 1 _aInstituto Holandes de Consulta sobre Batata, Haia (Netherlands)
_96376
245 1 _aCatalago de variedades de batata de Holanda 1975/1976
260 3 _aHaia (Netherlands):
_c[nd].
300 _a36 p.
650 _aBatata
650 _aVariedade
650 _aHolanda
909 _a202309
_bLucia
_c55
_dLucia Elande
942 _cBK
999 _c49980
_d49980